| 000 | 00583 a2200217 4500 | ||
|---|---|---|---|
| 005 | 20260409125408.0 | ||
| 008 | 260409b |||||||| |||| 00| 0 eng d | ||
| 020 |
_a9780195694208 _cRs. 475.00 |
||
| 040 | _aMAIN | ||
| 082 |
_a294.5924 _bH316S |
||
| 100 | _aHawley, John Stratton | ||
| 245 | _aSongs of the saints of India | ||
| 260 |
_bOxford University Press _aNew Delhi _c2021 |
||
| 300 | _axxii, 244 | ||
| 650 | _aReligions | ||
| 650 | _aHinduism | ||
| 650 | _aDevotional Literature | ||
| 700 | _aHawley, J.S, tr. | ||
| 700 | _aJuergensmeyer, Mark, tr. | ||
| 942 | _cBK | ||
| 999 |
_c396456 _d396456 |
||